000 01342cam a2200325 a 4500
001 4981432
003 ARRUPE
005 20160816111914.0
008 980805s1998 paua b 000 0aeng
010 _a 98038872
020 _a1556350368 (pbk.)
040 _aDLC
_cDLC
_dDLC
043 _ae-xr---
_an-us---
050 0 0 _aBR1725.B415
_bA3 1998
082 0 0 _a270.8/2/092
_aB
_221
100 1 _aBednář, Zdeněk F.
_925081
245 1 0 _aWhere is my home? :
_ba theology of hope as the outcome of despair /
_cZdeněk F. Bednář.
260 _aAllison Park, Pa. :
_bPickwick Publications,
_cc1998.
300 _axi, 340 p. :
_bill. ;
_c23 cm.
440 0 _aPrinceton theological monograph series
_925082
500 _a"A survivor of Nazism, communism, and exile remembers the forces that shaped his faith."
504 _aIncludes bibliographical references (p. [339]-340).
600 1 0 _aBednář, Zdeněk F.
_925081
650 0 _aNarrative theology.
_925083
650 0 _aChristian biography
_zCzech Republic.
_925084
650 0 _aChristian biography
_zUnited States.
_925085
906 _a7
_bcbc
_corignew
_d1
_eocip
_f19
_gy-gencatlg
942 _2lcc
_cMONOGRAPH
999 _c125020
_d125020